[Event "Marianske Lazne op"]
[Site "Marianske Lazne"]
[Date "2020.01.22"]
[Round "6"]
[White "De Andres Gonalons, Fernando"]
[Black "Mullerova, Katerina"]
[Result "1-0"]
[WhiteElo "1993"]
[BlackElo "1473"]
[PlyCount "37"]
[EventDate "2020.01.18"]
[EventType "swiss"]
[EventRounds "9"]
[EventCountry "CZE"]
[SourceTitle "EXT 2021"]
[Source "ChessBase"]
[SourceDate "2020.10.23"]
[SourceVersion "1"]
[SourceVersionDate "2020.10.23"]
[SourceQuality "1"]

1. Nf3 Nf6 2. Nc3 b6 3. d4 Bb7 4. a3 c5 5. Nb5 Nd5 6. Bf4 e6 7. Nd6+ Bxd6 8. Bxd6 cxd4 9. Qxd4 Nf6 10. e3 Nc6 11. Qf4 Ne7 12. Bd3 Ng6 13. Qd4 Rc8 14. 0-0-0 Ne7 15. Ne5 Nf5 16. Bxf5 exf5 17. Nc6 dxc6 18. Qe5+ Kd7 19. Be7+ 1-0

[Event "Marianske Lazne op"]
[Site "Marianske Lazne"]
[Date "2020.01.18"]
[Round "1"]
[White "Mullerova, Katerina"]
[Black "Hoke, Petr"]
[Result "0-1"]
[WhiteElo "1473"]
[BlackElo "2011"]
[PlyCount "48"]
[EventDate "2020.01.18"]
[EventType "swiss"]
[EventRounds "9"]
[EventCountry "CZE"]
[SourceTitle "EXT 2021"]
[Source "ChessBase"]
[SourceDate "2020.10.23"]
[SourceVersion "1"]
[SourceVersionDate "2020.10.23"]
[SourceQuality "1"]

1. e4 g6 2. d4 Bg7 3. Nf3 d6 4. Be2 Nd7 5. c3 a6 6. Be3 b6 7. Nbd2 Bb7 8. 0-0 Ngf6 9. Bd3 Ng4 10. Bg5 h6 11. Bh4 g5 12. Bg3 Ngf6 13. Qe2 Nh5 14. Rae1 0-0 15. e5 Nxg3 16. fxg3 dxe5 17. Nxg5 e6 18. Nh7 Re8 19. Qg4 f5 20. Qg6 Nf6 21. Nxf6+ Qxf6 22. Qxf6 Bxf6 23. dxe5 Rad8 24. Re3 Bg5 0-1

[Event "Hradec Kralove op 10th"]
[Site "Hradec Kralove"]
[Date "2019.10.27"]
[Round "2"]
[White "Valik, Ondrej"]
[Black "Mullerova, Katerina"]
[Result "0-1"]
[WhiteElo "1664"]
[BlackElo "1402"]
[PlyCount "86"]
[EventDate "2019.10.26"]
[EventType "swiss"]
[EventRounds "9"]
[EventCountry "CZE"]
[SourceTitle "CBM 193 Extra"]
[Source "ChessBase"]
[SourceDate "2020.01.31"]
[SourceVersion "1"]
[SourceVersionDate "2020.01.31"]
[SourceQuality "1"]

1. c4 c5 2. Nf3 Nf6 3. Nc3 g6 4. e3 Bg7 5. d4 cxd4 6. exd4 Qa5 7. Bd2 Qb6 8. Na4 Qc7 9. g3 0-0 10. Rc1 Nc6 11. a3 Ne4 12. Bf4 d6 13. c5 Qa5+ 14. b4 Nxb4 15. axb4 Qxb4+ 16. Bd2 Nxd2 17. Nxd2 Qxd4 18. Rc4 Qd5 19. f3 Bd7 20. cxd6 Qxd6 21. Nc5 Qe5+ 22. Nde4 Bc6 23. Be2 Rfd8 24. Qc1 Bb5 25. Rc2 Bxe2 26. Rxe2 b6 27. Nb3 Qd5 28. Qb1 Rd7 29. 0-0 Rad8 30. Kg2 Qc4 31. Rfe1 f5 32. Ned2 Qd3 33. Qa2 Kf8 34. Nc1 Qxd2 35. Qa4 Qd5 36. Qh4 Qc5 37. Qxh7 Rd2 38. Qxg6 Rxe2+ 39. Nxe2 Rd2 40. Qe6 Qd5 41. Qc8+ Kf7 42. Kh3 Qxf3 43. Nf4 Qg4# 0-1

[Event "CZE-ch U16 Girls"]
[Site "Kouty nad Desnou"]
[Date "2011.03.19"]
[Round "9"]
[White "Sroubova, Lenka"]
[Black "Mullerova, Katerina"]
[Result "1-0"]
[WhiteElo "1867"]
[BlackElo "1383"]
[PlyCount "99"]
[EventDate "2011.03.12"]
[EventType "swiss"]
[EventRounds "9"]
[EventCountry "CZE"]
[SourceTitle "EXT 2014"]
[Source "ChessBase"]
[SourceDate "2013.11.20"]
[SourceVersion "1"]
[SourceVersionDate "2013.11.20"]
[SourceQuality "1"]

1. Nf3 d5 2. g3 g6 3. Bg2 Bg7 4. 0-0 e6 5. d3 Ne7 6. Nbd2 0-0 7. e4 c6 8. e5 Nd7 9. d4 f6 10. Qe2 Qc7 11. exf6 Nxf6 12. Ng5 Qd6 13. Nb3 Nf5 14. Bf4 Qe7 15. Be5 b6 16. Rfe1 Re8 17. c3 Bd7 18. f4 h6 19. Nf3 Ng4 20. Bxg7 Nxg7 21. Ne5 Nxe5 22. Qxe5 Kh7 23. Bh3 Qf7 24. Nd2 Nf5 25. Nf3 Qg7 26. Re2 Re7 27. Rae1 Qf7 28. Bxf5 gxf5 29. Nh4 Ree8 30. Nf3 Qg7 31. Qxg7+ Kxg7 32. Ne5 Rad8 33. Nxd7 Rxd7 34. Rxe6 Rxe6 35. Rxe6 Rc7 36. Rd6 a6 37. Kf2 b5 38. Kf3 h5 39. h3 a5 40. a3 a4 41. g4 hxg4+ 42. hxg4 fxg4+ 43. Kxg4 Kf7 44. f5 Ke7 45. Rh6 Kd7 46. Rh7+ Kd6 47. Rxc7 Kxc7 48. Kg5 Kd7 49. Kf6 Ke8 50. Kg7 1-0

[Event "CZE-ch U16 Girls"]
[Site "Kouty nad Desnou"]
[Date "2011.03.15"]
[Round "5"]
[White "Mullerova, Katerina"]
[Black "Dunglova, Natalie"]
[Result "1/2-1/2"]
[WhiteElo "1383"]
[BlackElo "1602"]
[PlyCount "131"]
[EventDate "2011.03.12"]
[EventType "swiss"]
[EventRounds "9"]
[EventCountry "CZE"]
[SourceTitle "EXT 2014"]
[Source "ChessBase"]
[SourceDate "2013.11.20"]
[SourceVersion "1"]
[SourceVersionDate "2013.11.20"]
[SourceQuality "1"]

1. e4 c5 2. Nf3 e6 3. d4 cxd4 4. Nxd4 Nc6 5. Be3 Nf6 6. Nc3 Bb4 7. Nde2 Nxe4 8. Qd3 d5 9. 0-0-0 Nxc3 10. Nxc3 Qa5 11. Kb1 Bd7 12. Bd2 0-0 13. Qg3 Kh8 14. a3 Be7 15. Bd3 e5 16. h4 d4 17. Ne4 Qb6 18. Kc1 f5 19. Ng5 e4 20. Bc4 Nd8 21. h5 Qd6 22. Qxd6 Bxd6 23. Rdg1 Rc8 24. Bb3 d3 25. Kb1 h6 26. Nh3 dxc2+ 27. Bxc2 Ne6 28. Rd1 Be8 29. Bxh6 Bxa3 30. Bxg7+ Kxg7 31. h6+ Kh7 32. bxa3 Rxc2 33. Kxc2 Ba4+ 34. Kd2 Rd8+ 35. Ke2 Bxd1+ 36. Rxd1 Rxd1 37. Kxd1 Kxh6 38. Ke2 Nd4+ 39. Kd2 Kg6 40. Kc3 Nc6 41. Kc4 Kf6 42. Nf4 Ne5+ 43. Kd4 Ng4 44. Nh3 Ke6 45. f3 exf3 46. gxf3 Ne5 47. Ng5+ Kd6 48. f4 Ng6 49. Nh3 b5 50. Kc3 Kc5 51. Kb3 a5 52. Kc3 b4+ 53. axb4+ axb4+ 54. Kb3 Kb5 55. Kc2 Kc4 56. Kb2 b3 57. Kb1 Kc3 58. Kc1 Ne7 59. Nf2 Nd5 60. Nd1+ Kb4 61. Kb2 Nxf4 62. Ne3 Nd3+ 63. Kb1 b2 64. Nxf5 Kb3 65. Ne3 Nc5 66. Nd1 1/2-1/2

[Event "CZE-ch U16 Girls"]
[Site "Kouty nad Desnou"]
[Date "2011.03.14"]
[Round "4"]
[White "Vlckova, Katerina"]
[Black "Mullerova, Katerina"]
[Result "1-0"]
[WhiteElo "1698"]
[BlackElo "1383"]
[PlyCount "63"]
[EventDate "2011.03.12"]
[EventType "swiss"]
[EventRounds "9"]
[EventCountry "CZE"]
[SourceTitle "EXT 2014"]
[Source "ChessBase"]
[SourceDate "2013.11.20"]
[SourceVersion "1"]
[SourceVersionDate "2013.11.20"]
[SourceQuality "1"]

1. d4 d5 2. c4 e6 3. Nc3 Nf6 4. Bg5 Be7 5. cxd5 exd5 6. e3 Bf5 7. Qb3 b6 8. Bxf6 Bxf6 9. Nxd5 Bg5 10. Rc1 c6 11. Nc3 0-0 12. Nf3 Bf6 13. Bc4 b5 14. Be2 Nd7 15. 0-0 Rc8 16. d5 cxd5 17. Nxd5 Be6 18. Rxc8 Qxc8 19. Nxf6+ Nxf6 20. Qxb5 Bxa2 21. Ra1 Qe6 22. Nd4 Qd5 23. Qxd5 Bxd5 24. Rxa7 Rb8 25. Rc7 h6 26. Bd3 Be4 27. Bxe4 Nxe4 28. f3 Nd6 29. b3 Kf8 30. Rd7 Nb7 31. Nc6 Rc8 32. Ne5 1-0

[Event "CZE-ch U14 Girls"]
[Site "Kouty nad Desnou"]
[Date "2010.03.12"]
[Round "8"]
[White "Richterova, Natasa"]
[Black "Mullerova, Katerina"]
[Result "1/2-1/2"]
[WhiteElo "1702"]
[BlackElo "1319"]
[PlyCount "136"]
[EventDate "2010.03.06"]
[EventType "swiss"]
[EventRounds "9"]
[EventCountry "CZE"]
[SourceTitle "EXT 2012"]
[Source "ChessBase"]
[SourceDate "2011.11.24"]
[SourceVersion "1"]
[SourceVersionDate "2011.11.24"]
[SourceQuality "1"]

1. e4 e5 2. Nf3 Nc6 3. Nc3 Nf6 4. d4 exd4 5. Nxd4 d6 6. Nxc6 bxc6 7. Bd3 g6 8. 0-0 Bg7 9. Re1 0-0 10. Bg5 Qd7 11. h3 Bb7 12. Rb1 Rfe8 13. Qd2 Re6 14. Bh6 Rae8 15. Bxg7 Kxg7 16. Re2 d5 17. exd5 Rxe2 18. Bxe2 cxd5 19. Rd1 Qe6 20. Qd4 Qb6 21. Qxb6 axb6 22. Kf1 c5 23. Na4 Re6 24. f3 Nh5 25. Kf2 Nf4 26. Rd2 d4 27. Bc4 Rf6 28. c3 dxc3 29. Nxc3 Nxh3+ 30. gxh3 Rxf3+ 31. Ke2 Rxh3 32. Na4 Rh2+ 33. Ke3 Rh3+ 34. Ke2 Rh2+ 35. Kd3 Rh4 36. Nxb6 h5 37. a4 Rd4+ 38. Kc3 Rxd2 39. Kxd2 h4 40. Bf1 g5 41. Bh3 Kg6 42. Nd7 f5 43. Ke2 g4 44. Bf1 h3 45. Kf2 f4 46. Kg1 Kf5 47. Nxc5 Ba8 48. b4 f3 49. Kh2 Kf4 50. b5 f2 51. b6 Ke3 52. a5 Kd2 53. b7 Bxb7 54. Nxb7 Ke1 55. Bb5 f1Q 56. Bxf1 Kxf1 57. a6 Kf2 58. a7 g3+ 59. Kxh3 g2 60. a8Q g1Q 61. Qa7+ Kf1 62. Qa1+ Kf2 63. Qd4+ Kf1 64. Qd1+ Kf2 65. Qd2+ Kf3 66. Qd5+ Kf2 67. Qf5+ Ke1 68. Qe4+ Kf1 1/2-1/2

[Event "CZE-ch U14 Girls"]
[Site "Kouty nad Desnou"]
[Date "2010.03.08"]
[Round "4"]
[White "Stranska, Kamila"]
[Black "Mullerova, Katerina"]
[Result "1-0"]
[WhiteElo "1547"]
[BlackElo "1319"]
[PlyCount "87"]
[EventDate "2010.03.06"]
[EventType "swiss"]
[EventRounds "9"]
[EventCountry "CZE"]
[SourceTitle "EXT 2012"]
[Source "ChessBase"]
[SourceDate "2011.11.24"]
[SourceVersion "1"]
[SourceVersionDate "2011.11.24"]
[SourceQuality "1"]

1. e4 e5 2. Nf3 Nc6 3. Bb5 a6 4. Ba4 Nf6 5. d3 b5 6. Bb3 Be7 7. 0-0 0-0 8. Bg5 d6 9. h3 Be6 10. c3 d5 11. exd5 Bxd5 12. Nbd2 Be6 13. Bxf6 Bxf6 14. Ne4 Be7 15. Bxe6 fxe6 16. Re1 Qd7 17. Qc2 Rf7 18. Rad1 Raf8 19. Qe2 h6 20. d4 exd4 21. Nxd4 Nxd4 22. Rxd4 Bd6 23. f3 Re8 24. Qd3 Rd8 25. Nxd6 cxd6 26. Rde4 e5 27. Qd5 Kh8 28. Rd1 Re7 29. c4 bxc4 30. Rxc4 Qe6 31. Qxe6 Rxe6 32. Rc6 a5 33. Ra6 Rb8 34. b3 e4 35. fxe4 Rxe4 36. Raxd6 Re2 37. R1d2 Re5 38. R6d5 Rb5 39. Rxb5 Rxb5 40. Kf2 Re5 41. Re2 Rf5+ 42. Ke3 Kg8 43. Rf2 Rd5 44. Ke4 1-0

[Event "CZE-ch U14 Girls"]
[Site "Kouty nad Desnou"]
[Date "2009.03.12"]
[Round "7"]
[White "Mullerova, Katerina"]
[Black "Krejci, Anna"]
[Result "1-0"]
[WhiteElo "1250"]
[BlackElo "1250"]
[PlyCount "85"]
[EventDate "2009.03.07"]
[EventType "swiss"]
[EventRounds "9"]
[EventCountry "CZE"]
[SourceTitle "EXT 2011"]
[Source "ChessBase"]
[SourceDate "2010.11.26"]
[SourceVersion "1"]
[SourceVersionDate "2010.11.26"]
[SourceQuality "1"]

1. e4 e5 2. Nf3 Nc6 3. d4 d6 4. dxe5 Be6 5. exd6 Bxd6 6. Nc3 Bc5 7. Qxd8+ Rxd8 8. Be2 Nf6 9. Bg5 Be7 10. Bb5 0-0 11. Bxc6 bxc6 12. e5 Nh5 13. Bxe7 Rc8 14. Bxf8 Rxf8 15. 0-0 h6 16. h3 Nf4 17. Rad1 Bd5 18. Rd4 Nxh3+ 19. gxh3 Bxf3 20. Kh2 Rb8 21. b3 Re8 22. Kg3 Bh5 23. f4 Re6 24. Kf2 Rg6 25. Ne4 Kh7 26. f5 c5 27. fxg6+ Bxg6 28. Nxc5 Bxc2 29. Rd7 Bg6 30. Rxc7 a5 31. a3 h5 32. b4 axb4 33. axb4 Bf5 34. Rh1 Kh6 35. b5 Kg5 36. h4+ Kg4 37. b6 Kf4 38. b7 Kxe5 39. b8Q Kf6 40. Qd8+ Kg6 41. Rg1+ Kh6 42. Qg5+ Kh7 43. Qxg7# 1-0

[Event "CZE-ch U14 Girls"]
[Site "Kouty nad Desnou"]
[Date "2009.03.09"]
[Round "3"]
[White "Frgalova, Hana"]
[Black "Mullerova, Katerina"]
[Result "0-1"]
[WhiteElo "1250"]
[BlackElo "1250"]
[PlyCount "116"]
[EventDate "2009.03.07"]
[EventType "swiss"]
[EventRounds "9"]
[EventCountry "CZE"]
[SourceTitle "EXT 2011"]
[Source "ChessBase"]
[SourceDate "2010.11.26"]
[SourceVersion "1"]
[SourceVersionDate "2010.11.26"]
[SourceQuality "1"]

1. e4 e5 2. Nf3 Nc6 3. Nc3 Nf6 4. Bc4 Nxe4 5. Nxe4 d5 6. Bxd5 Qxd5 7. Nc3 Qd8 8. 0-0 Bg4 9. d3 Be7 10. Qe1 Bxf3 11. gxf3 Nd4 12. Qd1 0-0 13. Re1 Nc6 14. f4 exf4 15. Bxf4 Bg5 16. Bg3 Nd4 17. h4 Bxh4 18. Re4 Bxg3 19. fxg3 Qf6 20. Rf4 Qb6 21. Rf2 Nf5 22. Qf3 Nd4 23. Qd5 Rad8 24. Qh5 g6 25. Qe5 Qxb2 26. Raf1 Qxc3 27. Qe7 Nf5 28. Qg5 Qg7 29. Kg2 h6 30. Qf4 Rd4 31. Qxc7 Ne3+ 32. Kg1 Nxf1 33. Rxf1 Rd5 34. Qxb7 Qd4+ 35. Kg2 Re5 36. Rf2 Qd5+ 37. Qxd5 Rxd5 38. Re2 Ra5 39. c4 f5 40. d4 Rd8 41. d5 Ra4 42. Rc2 Rc8 43. c5 Rd4 44. d6 Rxd6 45. cxd6 Rxc2+ 46. Kh3 Rd2 47. a4 Rxd6 48. a5 g5 49. a6 Rxa6 50. Kh2 f4 51. Kg2 fxg3 52. Kxg3 Rf6 53. Kg4 a5 54. Kh5 a4 55. Kg4 a3 56. Kh5 a2 57. Kg4 a1Q 58. Kh5 Qd1# 0-1

[Event "Ricany op-B"]
[Site "Ricany"]
[Date "2008.08.29"]
[Round "8"]
[White "Mullerova, Katerina"]
[Black "Kutil, Pavel"]
[Result "0-1"]
[WhiteElo "1250"]
[BlackElo "1409"]
[PlyCount "96"]
[EventDate "2008.08.23"]
[EventType "swiss"]
[EventRounds "9"]
[EventCountry "CZE"]
[SourceTitle "CBM 126 Extra"]
[Source "ChessBase"]
[SourceDate "2008.11.05"]
[SourceVersion "1"]
[SourceVersionDate "2008.11.05"]
[SourceQuality "1"]

1. e4 e5 2. Nf3 d6 3. h3 Nf6 4. Nc3 Nc6 5. Bb5 Bd7 6. 0-0 Be7 7. d3 0-0 8. Be3 a6 9. Ba4 Na7 10. Bxd7 Qxd7 11. Qd2 Nb5 12. Nxb5 Qxb5 13. b3 Nd7 14. c4 Qc6 15. Rfe1 Nb6 16. Re2 Rac8 17. Rae1 Bf6 18. Qc3 Rfe8 19. Bd2 Re7 20. d4 Rce8 21. d5 Qd7 22. Kh1 Qd8 23. g4 g6 24. Rg1 Qd7 25. Ng5 h6 26. Nf3 h5 27. gxh5 Qxh3+ 28. Nh2 Qxh5 29. f3 Kg7 30. Rgg2 Rh8 31. Kg1 Qh3 32. Kf1 Qd7 33. Ng4 Rh1+ 34. Kf2 Bh4+ 35. Ke3 f5 36. Nf2 Bxf2+ 37. Rexf2 fxe4 38. fxe4 Rh3+ 39. Rf3 Rxf3+ 40. Kxf3 Qh3+ 41. Kf2 Rf7+ 42. Kg1 Rf3 43. Qc1 Nd7 44. Ba5 Nf6 45. Qb1 b6 46. Bd2 Ng4 47. Qc1 Rg3 48. Rxg3 Qxg3+ 0-1

[Event "CZE-ch U12 Girls"]
[Site "Sec u Chrudimi"]
[Date "2008.03.15"]
[Round "9"]
[White "Sikulova, Tereza"]
[Black "Mullerova, Katerina"]
[Result "0-1"]
[WhiteElo "1100"]
[BlackElo "1100"]
[PlyCount "112"]
[EventDate "2008.03.08"]
[EventType "swiss"]
[EventRounds "9"]
[EventCountry "CZE"]
[SourceTitle "EXT 2009"]
[Source "ChessBase"]
[SourceDate "2008.11.26"]
[SourceVersion "1"]
[SourceVersionDate "2008.11.26"]
[SourceQuality "1"]

1. e4 e5 2. Nf3 Nf6 3. Nc3 Nc6 4. Bc4 Bc5 5. 0-0 0-0 6. d3 d6 7. Bg5 Bg4 8. h3 Bh5 9. Qe2 Nd4 10. Qd1 Nxf3+ 11. gxf3 c6 12. Na4 b5 13. Nxc5 dxc5 14. Bb3 c4 15. dxc4 Qxd1 16. Raxd1 Nxe4 17. Rd3 Nxg5 18. a4 e4 19. fxe4 Be2 20. Re3 Bxf1 21. Kxf1 a6 22. h4 Ne6 23. f3 Nd4 24. e5 Rae8 25. f4 Nf5 26. Re4 Nxh4 27. Kf2 Rd8 28. Kg3 Nf5+ 29. Kg4 Nh6+ 30. Kg5 f6+ 31. exf6 gxf6+ 32. Kxh6 f5 33. c5+ Kh8 34. Re7 Rf6+ 35. Kg5 Rg6+ 36. Kxf5 Rf8+ 37. Ke5 Rg7 38. Re6 h5 39. Ke4 h4 40. f5 Rg4+ 41. Ke5 Rg5 42. Kf4 Rfxf5+ 43. Ke4 h3 44. Rh6+ Kg7 45. Rxh3 Rh5 46. Rg3+ Kf6 47. Ba2 Rh4+ 48. Ke3 Re5+ 49. Kf3 Kf5 50. Kg2 Kf4 51. c4 Rg5 52. cxb5 Rxg3+ 53. Kf2 Rh2+ 54. Kf1 Kf3 55. Bd5+ cxd5 56. bxa6 Rh1# 0-1